| 000 | 01351na a2200325 4500 | ||
|---|---|---|---|
| 001 | 14707 | ||
| 003 | MIRAKIL | ||
| 005 | 20181213155225.0 | ||
| 008 | 160923b tu 000 0 | ||
| 020 | _a9751933382 | ||
| 035 | _a14707 | ||
| 040 |
_aMilas _btur _cTR-AnCHP |
||
| 082 |
_a304.6021 2000 TÜRKİYE _bT95g 2003 |
||
| 090 | _a304.6021 2000 TÜRKİYE T95g 2003 | ||
| 110 | _aTürkiye İstatistik Kurumu (TÜİK) | ||
| 222 | _aGenel nüfus sayımı | ||
| 245 |
_a2000 genel nüfus sayımı _bnüfusun sosyal ve ekonomik nitelikleri = 2000 census of population : social and economic characteristics of population _cDevlet İstatistik Enstitüsü |
||
| 246 | _aNüfusun sosyal ve ekonomik nitelikleri | ||
| 246 | _a2000 census of population : social and economic characteristics of population | ||
| 260 |
_aAnkara _bDevlet İstatistik Enstitüsü (DİE) _c2003 |
||
| 300 |
_axv, 305, [12] s. _bgrf., tbl. _c29 sm. |
||
| 500 | _aMetinler Türkçe-İngilizce karşılıklıdır. | ||
| 500 | _aKurumun yeni adı: Türkiye İstatistik Kurumu (TÜİK) | ||
| 650 |
_aSosyo ekonomik göstergeler _x2000 _zTürkiye |
||
| 650 |
_aNüfus sayımları _x2000 _zTürkiye |
||
| 651 |
_aTürkiye _xEkonomik durum _yİstatistikler |
||
| 651 |
_aTürkiye _xSosyal durum _yİstatistikler |
||
| 651 |
_aTürkiye _xNüfus sayımı, 2000 |
||
| 942 |
_2ddc _cBKS |
||
| 999 |
_c8816 _d8816 |
||